wszyscy członkowie Inazuma Japan - Statystyki

Ogólne statystyki
  • Ten quiz został rozwiązany 256 razy
  • Średni wynik to 10 z 18
Statystyki odpowiedzi
postać % Poprawnych
1 Mark Evans
99%
10 Axel Blaze
93%
14 Jude Sharp
84%
3 Jack Wallside
78%
17 Kevin Dragonfly
76%
9 Shawn Frost
76%
2 Nathan Swift
68%
18 Xavier Foster
66%
8 Caleb Stonewall
55%
13 Jordan Greenway
49%
11 Austin Hobbes
41%
7 Archer Hawkins
37%
16 David Samford
36%
5 Todd Ironside
35%
20 Darren LaChance
33%
4 Harley Kane
30%
6 Scott Banyan
24%
12 Thor Stoutberg
13%
Nie znaleziono quizów pasujących do podanych kryteriów
Rozkład punktacji
Procent ludzi z każdym wynikiem
Percentyl według liczby udzielonych odpowiedzi
Twoja historia wyników
Nie rozwiązałeś tego quizu